Gaming Quiz

Random Gaming or Card Games Quiz

Which of the Three (Gaming) Quiz Stats

 Plays Quiz not verified by Sporcle

Score 0/12 Timer 04:00
0 Plays Today
Question Answer Wrong Answers
Which is the yellow piece in Cluedo? Colonel Mustard
95.4%
Mrs. Peacock
2.2%
Professor Plum
1.8%
Which casino game is normally played with dice? Craps
71.8%
Pai gow
3.8%
Baccarat
9%
In chess, which of these pieces can never move diagonally? Rook
71.6%
Pawn
14.9%
King
8.1%
Which is not an ailment in the game Operation? Back Stab
69.3%
Bread Basket
11.9%
Funny Bone
3.6%
In the original version of Trivial Pursuit, which is a category? Entertainment
67.8%
Movies
8.1%
Music
9.4%
Which game has a star as its board? Chinese checkers
67.1%
Cribbage
4.8%
Parcheesi
12.3%
On a roulette wheel what color is the number 0? Green
65.2%
Black
21.4%
Red
9.9%
In the trick-taking game Hearts, which card is worth 13 points? Queen of spades
56.1%
Ace of hearts
25.2%
Queen of diamonds
9.8%
In the English language version of Scrabble, which letter is worth exactly 5 points? K
55%
P
18%
Q
11.1%
In the casino game black jack, if the dealer's upcard is an ace what bet can a player make that pays if the dealer has a natural 21? Insurance
52.1%
Double Down
20.6%
Split
13.4%
Which Monopoly token was not originally released in 1937? Cat
51.3%
Battleship
27.9%
Thimble
9.3%
How many cards are in a standard pinochle deck? 48
38.7%
52
30.4%
36
15.3%

You're not logged in!

Compare scores with friends on all Sporcle quizzes.
OR
Log In

Show Comments

Extras

Top Quizzes Today


Score Distribution

Your Account Isn't Verified!

In order to create a playlist on Sporcle, you need to verify the email address you used during registration. Go to your Sporcle Settings to finish the process.

Report this User

Report this user for behavior that violates our Community Guidelines.

Details: